| 000 | 00390nam a2200157Ia 4500 | ||
|---|---|---|---|
| 008 | 210210b1991 xxu||||| |||| 00| 0 eng d | ||
| 082 | _a516.16 KHAC | ||
| 100 | _aKHANNA (M L). | ||
| 245 | _aCo-ordinate geometry. Rev Ed.16 | ||
| 250 | _a | ||
| 260 |
_aMeerut _bJai Prakash Nath & Co _c1991 |
||
| 300 | _axx,492 | ||
| 650 | _aCo-ordinate geometry | ||
| 690 | _aGeometry | ||
| 906 | _a045134 | ||
| 999 |
_c94337 _d94337 |
||